Úlohy obcí v sociálnej oblasti na Slovensku v 50. a 60. rokoch XX. storočia

Štúdia poskytuje prehľad o úlohe obcí v sociálnej oblasti od začiatku komunistického režimu (1945) až do polovice 60. rokov

Salvato in:
Dettagli Bibliografici
Autore principale: Konečný, Stanislav
Natura: Capitolo di libro
Lingua:slovacco
Soggetti:
Tags: Aggiungi Tag
Nessun Tag, puoi essere il primo ad aggiungerne!!

MARC

LEADER 00000nla a2200000 4500
001 0200277
005 20240502073404.3
041 0 |a slo 
044 |a SK 
245 1 0 |a Úlohy obcí v sociálnej oblasti na Slovensku v 50. a 60. rokoch XX. storočia  |c Stanislav Konečný 
520 |a Štúdia poskytuje prehľad o úlohe obcí v sociálnej oblasti od začiatku komunistického režimu (1945) až do polovice 60. rokov 
610 2 0 |a história 
610 2 0 |a Československo 
610 2 0 |a politika sociálna 
610 2 0 |a obce 
610 2 0 |a hospodárstvo socialistické 
610 2 0 |a riadenie sociálno-ekonomické 
100 1 |a Konečný, Stanislav